000 01184cam a2200289 a 4500
001 000014209
005 20200929163525.0
008 060531s2005 mx b 100 0 spa d
020 _a9686384588 (obra completa)
020 _a9686384677 (t. 3)
040 _aDO-SdBNP
_bspa
_cDLC
_dBNPHU
082 _a327.17
_bF935c
245 0 3 _aLa frontera como reto /
_ccoordinador Leopoldo Zea ; compilación Hernán Taboada.
260 _aMéxico, D. F. :
_bInstituto Panamericano de Geografía e Historia :
_bFondo de Cultura Económica,
_c2005.
300 _a140 p. ;
_c21 cm.
490 1 _aTierra Firme :
_pLatinoamérica en la Globalización y el Tercer Milenio
500 _aLa biblioteca sólo posse el tomo 3.
504 _aIncluye referencias bibliográficas.
650 4 _aGlobalización
_zMéxico
_vCONGRESOS
_932099
651 4 _aMéxico
_xLímites
_vCONGRESOS
_932100
651 4 _aMéxico
_xPolítica Y Gobierno
_y1988-2000
_vCONGRESOS
_932101
700 1 _aZea, Leopoldo,
_d1912-
_93675
700 1 _aTaboada, Hernán.
_93676
830 0 _aTierra Firme :
_pLatinoamérica en la Globalización y el Tercer Milenio
_932102
910 _aCatalogación por copia / LC
049 _aBNGR
999 _c13809
_d13809